<?xml version="1.0" encoding="UTF-8"?>
<record
    xmlns:xsi="http://www.w3.org/2001/XMLSchema-instance"
    xsi:schemaLocation="http://www.loc.gov/MARC21/slim http://www.loc.gov/standards/marcxml/schema/MARC21slim.xsd"
    xmlns="http://www.loc.gov/MARC21/slim">

  <leader>01818nam a2200265   4500</leader>
  <controlfield tag="001">114290</controlfield>
  <controlfield tag="003">DR-UNIBE</controlfield>
  <controlfield tag="005">20260109103139.0</controlfield>
  <controlfield tag="008">260109b2024    sp ||||| |||| 00| 0 spa d</controlfield>
  <datafield tag="020" ind1=" " ind2=" ">
    <subfield code="a">9788413443096</subfield>
  </datafield>
  <datafield tag="040" ind1=" " ind2=" ">
    <subfield code="a">BIBLIOTECA UNIBE</subfield>
    <subfield code="c">BIBLIOTECA UNIBE</subfield>
    <subfield code="e">rda</subfield>
  </datafield>
  <datafield tag="041" ind1=" " ind2=" ">
    <subfield code="a">spa</subfield>
    <subfield code="h">eng</subfield>
  </datafield>
  <datafield tag="082" ind1=" " ind2=" ">
    <subfield code="a">658.38  G585t</subfield>
  </datafield>
  <datafield tag="100" ind1="1" ind2=" ">
    <subfield code="a">Godin, Seth, </subfield>
    <subfield code="d">1960-</subfield>
    <subfield code="e">autor</subfield>
    <subfield code="9">177495</subfield>
  </datafield>
  <datafield tag="245" ind1="1" ind2="0">
    <subfield code="a">Si tu trabajo te tiene frito, &#xA1;reinv&#xE9;ntalo!  :</subfield>
    <subfield code="b">un manifiesto para que profesionales y empresarios recuperemos la ilusi&#xF3;n por trabajar juntos /</subfield>
    <subfield code="c">Seth Godin</subfield>
  </datafield>
  <datafield tag="260" ind1=" " ind2=" ">
    <subfield code="a">Barcelona :</subfield>
    <subfield code="b">Alienta Editorial, </subfield>
    <subfield code="c">2024</subfield>
  </datafield>
  <datafield tag="300" ind1=" " ind2=" ">
    <subfield code="a">228  p&#xE1;ginas : </subfield>
    <subfield code="b">gr&#xE1;ficas</subfield>
  </datafield>
  <datafield tag="504" ind1=" " ind2=" ">
    <subfield code="a">En la cubierta: "Un manifiesto para que profesionales y empresarios recuperemos la ilusi&#xF3;n por trabajar juntos"</subfield>
  </datafield>
  <datafield tag="520" ind1=" " ind2="3">
    <subfield code="a">Si vives en este mundo lo sabes de sobra: cada d&#xED;a m&#xE1;s personas se hartan de su trabajo y deciden abandonarlo. La precariedad laboral y la inestabilidad econ&#xF3;mica son cada vez m&#xE1;s evidentes, y los trabajadores que no dimiten de su puesto son despedidos por protestar.
&#xAB;Que os den&#xBB;, se oye a uno y otro lado.
Pero esto no tiene por qu&#xE9; ser as&#xED;: profesionales y empresarios estamos condenados a entendernos. De hecho, s&#xF3;lo hay una salida a la situaci&#xF3;n actual: trabajar juntos para convertir nuestras empresas en un lugar en el que todos nos sintamos c&#xF3;modos, importantes y valorados.
Este libro est&#xE1; pensado para que lo compartan jefes y compa&#xF1;eros de trabajo, para que se discuta y para que sea puesto en pr&#xE1;ctica.
Porque no importa cu&#xE1;l sea tu papel: todos tenemos el poder de cambiar las cosas.</subfield>
  </datafield>
  <datafield tag="650" ind1=" " ind2=" ">
    <subfield code="2">lemb</subfield>
    <subfield code="a">Condiciones de trabajo </subfield>
    <subfield code="9">201596</subfield>
  </datafield>
  <datafield tag="653" ind1="0" ind2="0">
    <subfield code="a">Trabajo -- Productividad </subfield>
  </datafield>
  <datafield tag="653" ind1="0" ind2="0">
    <subfield code="a">Trabajo -- Rendimiento</subfield>
  </datafield>
  <datafield tag="700" ind1="1" ind2=" ">
    <subfield code="a">Maestro, Mar&#xED;a </subfield>
    <subfield code="e">traductor</subfield>
    <subfield code="9">201594</subfield>
  </datafield>
  <datafield tag="942" ind1=" " ind2=" ">
    <subfield code="2">ddc</subfield>
    <subfield code="c">BK</subfield>
  </datafield>
  <datafield tag="999" ind1=" " ind2=" ">
    <subfield code="c">114290</subfield>
    <subfield code="d">114290</subfield>
  </datafield>
  <datafield tag="952" ind1=" " ind2=" ">
    <subfield code="0">0</subfield>
    <subfield code="1">0</subfield>
    <subfield code="2">ddc</subfield>
    <subfield code="7">0</subfield>
    <subfield code="8">GEN</subfield>
    <subfield code="a">Principal</subfield>
    <subfield code="c">NEW</subfield>
    <subfield code="d">2026-03-23</subfield>
    <subfield code="l">0</subfield>
    <subfield code="o">658.38 G585t</subfield>
    <subfield code="p">260005</subfield>
    <subfield code="r">2026-01-09 10:32:15</subfield>
    <subfield code="t">Ej. 1</subfield>
    <subfield code="w">2026-01-09</subfield>
    <subfield code="y">BK</subfield>
  </datafield>
</record>
